<?xml version="1.0" encoding="UTF-8"?>
<record
    xmlns:xsi="http://www.w3.org/2001/XMLSchema-instance"
    xsi:schemaLocation="http://www.loc.gov/MARC21/slim http://www.loc.gov/standards/marcxml/schema/MARC21slim.xsd"
    xmlns="http://www.loc.gov/MARC21/slim">

  <leader>02782cam a22003255a 4500</leader>
  <controlfield tag="001">17916900</controlfield>
  <controlfield tag="005">20161017122412.0</controlfield>
  <controlfield tag="008">131024s2014    ii a   frb    001 0 eng d</controlfield>
  <datafield tag="010" ind1=" " ind2=" ">
    <subfield code="a">  2013040761</subfield>
  </datafield>
  <datafield tag="020" ind1=" " ind2=" ">
    <subfield code="a">9789351072171</subfield>
  </datafield>
  <datafield tag="020" ind1=" " ind2=" ">
    <subfield code="a">9351072177</subfield>
  </datafield>
  <datafield tag="040" ind1=" " ind2=" ">
    <subfield code="a">DLC</subfield>
    <subfield code="b">eng</subfield>
    <subfield code="c">DLC</subfield>
    <subfield code="d">EG-ScBUE </subfield>
    <subfield code="d">EG-ScBUE </subfield>
  </datafield>
  <datafield tag="082" ind1="0" ind2="4">
    <subfield code="a">005.1</subfield>
    <subfield code="b">AGI</subfield>
    <subfield code="2">22</subfield>
  </datafield>
  <datafield tag="245" ind1="0" ind2="0">
    <subfield code="a">Agile software architecture :</subfield>
    <subfield code="b">aligning agile processes and software architectures /</subfield>
    <subfield code="c">edited by Muhammad Ali Babar, Alan W. Brown, Ivan Mistrik.</subfield>
  </datafield>
  <datafield tag="260" ind1=" " ind2=" ">
    <subfield code="a">New Delhi :</subfield>
    <subfield code="b">Elsevier / Reed Elsevier India Private Limited,</subfield>
    <subfield code="c">2014.</subfield>
  </datafield>
  <datafield tag="300" ind1=" " ind2=" ">
    <subfield code="a">xI, 392 p. :</subfield>
    <subfield code="b">ill. ;</subfield>
    <subfield code="c">24 cm.</subfield>
  </datafield>
  <datafield tag="500" ind1=" " ind2=" ">
    <subfield code="a">Index : p. 375-392.</subfield>
  </datafield>
  <datafield tag="504" ind1=" " ind2=" ">
    <subfield code="a">Includes bibliographical references.</subfield>
  </datafield>
  <datafield tag="505" ind1="8" ind2=" ">
    <subfield code="a">Making software architecture and agile approaches work together: foundations and approaches -- The DCI paradigm: taking object orientation into the architecture world -- Refactoring software architectures -- Driving architectural design and preservation from a persona perspective in agile projects --
Architecture decisions: who, how, and when? -- Supporting variability through agility to achieve adaptable architectures --
Continuous software architecture analysis --
Lightweight architecture knowledge management for agile software development -- Bridging user stories and software architecture: a tailored scrum for agile architecting -- Architecture-centric testing for security: an agile perspective --
Supporting agile software development and deployment in the cloud: a multitenant, multitarget architecture -- Agile architecting: enabling the delivery of complex agile systems development projects -- Building a platform for innovation: architecture and agile as key enablers -- Opportunities, threats, and limitations of emergent architecture --
Architecture as a key driver for agile success: experiences at Aviva UK.</subfield>
  </datafield>
  <datafield tag="650" ind1=" " ind2="7">
    <subfield code="a">Agile software development.</subfield>
    <subfield code="2">BUEsh</subfield>
    <subfield code="9">4807</subfield>
  </datafield>
  <datafield tag="650" ind1=" " ind2="7">
    <subfield code="9">29417</subfield>
    <subfield code="a">Software architecture</subfield>
    <subfield code="2">BUEsh</subfield>
  </datafield>
  <datafield tag="651" ind1=" " ind2=" ">
    <subfield code="2">BUEsh</subfield>
  </datafield>
  <datafield tag="653" ind1=" " ind2=" ">
    <subfield code="b">COMSCI</subfield>
    <subfield code="c">August 2016	</subfield>
    <subfield code="c">October2016</subfield>
  </datafield>
  <datafield tag="700" ind1="1" ind2=" ">
    <subfield code="a">Ali Babar, Muhammad&#x200F;,</subfield>
    <subfield code="e">editor.</subfield>
    <subfield code="9">40882</subfield>
  </datafield>
  <datafield tag="700" ind1="1" ind2=" ">
    <subfield code="a">Brown, Alan W.,&#x200F; &#x200E;</subfield>
    <subfield code="d">1962-&#x200F; </subfield>
    <subfield code="e">editor.</subfield>
    <subfield code="9">40883</subfield>
  </datafield>
  <datafield tag="700" ind1="1" ind2=" ">
    <subfield code="a">Mistrik, Ivan,</subfield>
    <subfield code="e">editor.</subfield>
    <subfield code="9">40884</subfield>
  </datafield>
  <datafield tag="856" ind1=" " ind2=" ">
    <subfield code="a">EBSCOhost eBook Academic Collection </subfield>
    <subfield code="q">e-book</subfield>
    <subfield code="u">http://eds.b.ebscohost.com/eds/detail/detail?vid=6&amp;sid=5ddf78a6-9820-4b28-869d-9bc0f1b1fe44%40sessionmgr106&amp;hid=113&amp;bdata=JnNpdGU9ZWRzLWxpdmU%3d#AN=516109&amp;db=e000xww</subfield>
    <subfield code="y">Full text available on campus</subfield>
  </datafield>
  <datafield tag="856" ind1=" " ind2=" ">
    <subfield code="a">EBSCOhost eBook Academic Collection </subfield>
    <subfield code="q">e-book</subfield>
    <subfield code="u">http://41.33.243.106:2048/login?url=http://eds.b.ebscohost.com/eds/detail/detail?vid=6&amp;sid=5ddf78a6-9820-4b28-869d-9bc0f1b1fe44%40sessionmgr106&amp;hid=113&amp;bdata=JnNpdGU9ZWRzLWxpdmU%3d#AN=516109&amp;db=e000xww</subfield>
    <subfield code="y">Full text available off campus</subfield>
  </datafield>
  <datafield tag="942" ind1=" " ind2=" ">
    <subfield code="2">ddc</subfield>
  </datafield>
  <datafield tag="999" ind1=" " ind2=" ">
    <subfield code="c">22234</subfield>
    <subfield code="d">22206</subfield>
  </datafield>
  <datafield tag="952" ind1=" " ind2=" ">
    <subfield code="0">0</subfield>
    <subfield code="1">0</subfield>
    <subfield code="2">ddc</subfield>
    <subfield code="4">0</subfield>
    <subfield code="7">0</subfield>
    <subfield code="8">Academic</subfield>
    <subfield code="a">MAIN</subfield>
    <subfield code="b">MAIN</subfield>
    <subfield code="c">LOW</subfield>
    <subfield code="d">2016-08-25</subfield>
    <subfield code="e">Purchase</subfield>
    <subfield code="g">140.00</subfield>
    <subfield code="h">9156</subfield>
    <subfield code="l">0</subfield>
    <subfield code="o">005.1 AGI</subfield>
    <subfield code="p">000033188</subfield>
    <subfield code="r">2025-07-15 00:00:00</subfield>
    <subfield code="v">175.00</subfield>
    <subfield code="y">BB</subfield>
  </datafield>
  <datafield tag="952" ind1=" " ind2=" ">
    <subfield code="0">0</subfield>
    <subfield code="1">0</subfield>
    <subfield code="2">ddc</subfield>
    <subfield code="4">0</subfield>
    <subfield code="7">0</subfield>
    <subfield code="8">Academic</subfield>
    <subfield code="a">MAIN</subfield>
    <subfield code="b">MAIN</subfield>
    <subfield code="c">LOW</subfield>
    <subfield code="d">2016-10-17</subfield>
    <subfield code="e">Purchase</subfield>
    <subfield code="g">140.00</subfield>
    <subfield code="h">9128</subfield>
    <subfield code="l">0</subfield>
    <subfield code="o">005.1 AGI</subfield>
    <subfield code="p">000034146</subfield>
    <subfield code="r">2025-07-15 00:00:00</subfield>
    <subfield code="v">175.00</subfield>
    <subfield code="y">BB</subfield>
  </datafield>
</record>
